Over/Under: Movies Quiz Stats

Quiz Updated Feb 7, 2012

Challenge
Share
Tweet
Embed
Score 0/24 Timer 03:00
1 Play Today
Question and Number Is Actual # Over or Under? % Correct
Things I 'Hate About You': 20???
85.6%
Members of the 'Ghostbusters': 5???
84.2%
Number of 'Angry Men': 8???
78.1%
D's of 'Dodgeball': 3???
76.8%
# of brides for same # of brothers: 11???
76.4%
Humans killed by the shark in 'Jaws': 3???
75.6%
Platform for Hogwarts Express: 8 1/2 ???
74.5%
District in which 'Prawns' are forced to live: 8???
73%
'Dirty' soldiers in Lee Marvin's unit: 18???
72.4%
Oscars won by 'Return of the King': 12???
71.7%
Hope/Crosby 'Road to' movies: 12???
70.5%
'Snow White' dwarfs ending in 'y': 6???
69.7%
Question and Number Is Actual # Over or Under? % Correct
Delorean speed needed for time travel: 98???
69.3%
Age of Yoda in 'Empire Strikes Back': 650???
69.3%
# of floors, of 'The Towering Inferno': 200???
69.2%
Members of the 'Fellowship of the Ring': 7???
69%
Amount Blues Brothers have to raise: $2500???
68.8%
Worldwide box office for Avatar: $2.1 billion???
67.4%
Men Out in 1919 Black Sox film: 9???
66.2%
Wallaby Way address of P. Sherman: 62???
62.5%
Combination on Pres. Skroob's luggage: 23456???
60.4%
Golden camels Prince Ali has in 'Aladdin': 25???
58.2%
Films in James Bond series: 21???
57.5%
Dalmatian pups in Perdy's litter: 95???
22.8%

You're not logged in!

Compare scores with friends on all Sporcle quizzes.
Sign Up with Email
OR
Log In

You Might Also Like...

Show Comments

Extras

Top Quizzes Today


Score Distribution

Your Account Isn't Verified!

In order to create a playlist on Sporcle, you need to verify the email address you used during registration. Go to your Sporcle Settings to finish the process.